Đi-tê con của người đời; T2 Tiểu thuyết
Đã lưu trong:
| 主要作者: | |
|---|---|
| 格式: | 圖書 |
| 語言: | Undetermined |
| 出版: |
Hà Nội
Lao động
1981
|
| 主題: | |
| 標簽: |
添加標簽
沒有標簽, 成為第一個標記此記錄!
|
| Thư viện lưu trữ: | Trung tâm Học liệu Trường Đại học Cần Thơ |
|---|
| LEADER | 00593nam a2200193Ia 4500 | ||
|---|---|---|---|
| 001 | CTU_12555 | ||
| 008 | 210402s9999 xx 000 0 und d | ||
| 082 | |a 839.81 | ||
| 082 | |b N454/T2 | ||
| 100 | |a Martin Andersen Neso | ||
| 245 | 0 | |a Đi-tê con của người đời; T2 | |
| 245 | 0 | |b Tiểu thuyết | |
| 245 | 0 | |c Martin Andersen Neso | |
| 260 | |a Hà Nội | ||
| 260 | |b Lao động | ||
| 260 | |c 1981 | ||
| 650 | |a danish fiction ( vietnamese ) - 20th century | ||
| 904 | |i Nguyễn Quang Điền, 961115 | ||
| 980 | |a Trung tâm Học liệu Trường Đại học Cần Thơ | ||